00343nam a2200109 4500008004100000100001800041245012400059260000900183300001300192700001500205773001300220190219b ||||| |||| 00| 0 eng d aSingh, Ankita aBest practices in urban governance:ba case study of Tadipatri municipality in Ananthapuramu district of Andhra Pradesh c2018 ap.20-33. aAlok, V.N. aNagarlok